Loading...

Education for environmental concerns: implications and practices

Bibliographic Details
Main Author: Saxena, A B
Format: Printed Book
Language:English
Published: New Delhi, Radha Publications
1996
Subjects:
LEADER 005140000a22001690004500
020 |a 8174870423 
041 |a eng 
082 |a 372.357 N6 
100 |a Saxena, A B  |9 124014 
245 |a Education for environmental concerns: implications and practices 
260 |a New Delhi, Radha Publications 
260 |a 1996 
465 |a R 400 
650 |a Environmental Education  |9 124015 
942 |c BK 
999 |c 169185  |d 169181 
952 |0 0  |1 0  |4 0  |7 0  |9 167597  |a SPS  |b SPS  |d 2019-04-16  |l 1  |p SPS04267  |r 2020-01-13  |s 2019-11-20  |w 2019-04-16  |y BK